00325 a2200121 450000500170000002000180001708200120003510000160004724500140006326000480007730000610012570000170018620250627164702.0 a0-03-923137-2 a650 BOO aBOONE, L.E. aBusiness. aNew York,bHarcourt Brace & Company,c1998. axvii, 466p.: ill.; figure, tablebGlossary & Indexc28cm aKURTZ, D. L.